English morality play: Origins, history, and influence of a dramatic tradition (Record no. 396462)

MARC details
000 -LEADER
fixed length control field 00508 a2200181 4500
005 - DATE & TIME
control field 20260406114750.0
008 - FIXED-LENGTH DATA ELEMENTS--GENERAL INFORMATION
fixed length control field 260403b |||||||| |||| 00| 0 eng d
020 ## - ISBN
International Standard Book Number 9781032553092
Price £ 26.99
040 ## - CATALOGING SOURCE
Original cataloging agency VIVEKANANDA LIBRARY
082 ## - DDC NUMBER
Classification number 822.09
Book Number P859E
100 ## - MAIN ENTRY--PERSONAL NAME
Personal name Potter, Robert
245 ## - TITLE STATEMENT
Title English morality play: Origins, history, and influence of a dramatic tradition
260 ## - PUBLICATION, DISTRIBUTION, ETC. (IMPRINT)
Name of publisher, distributor, etc Routledge
Place of publication, distribution, etc New York
Date of publication, distribution, etc 1975
300 ## - PHYSICAL DESCRIPTION
Pages viii, 286
650 ## - Subject
Subject English Literature
650 ## - Subject
Subject English Drama
942 ## - ADDED ENTRY ELEMENTS (KOHA)
Koha item type Books
Holdings
Withdrawn status Lost status Source of classification or shelving scheme Damaged status Not for loan Location (home branch) Sublocation or collection (holding branch) Shelving location Date acquired Koha issues (times borrowed) Koha full call number Accession No. Koha date last seen Koha item type
    Dewey Decimal Classification     VIVEKANANDA LIBRARY VIVEKANANDA LIBRARY Vivekananda Library 02/02/2026   822.09 P859E 444767 02/02/2026 Books
© Designed and Maintained by Vivekananda Library, MDU Rohtak